Space The Ultimate Frontier (Record no. 564261)

000 -LEADER
fixed length control field 00282nam a2200109Ia 4500
008 - FIXED-LENGTH DATA ELEMENTS--GENERAL INFORMATION
fixed length control field 210430s9999 xx 000 0 und d
082 ## - DEWEY DECIMAL CLASSIFICATION NUMBER
Classification number 520 S5241 S
100 ## - MAIN ENTRY--PERSONAL NAME
Personal name Michael Sharpe
9 (RLIN) 47492
245 ## - TITLE STATEMENT
Title Space The Ultimate Frontier
Statement of responsibility, etc. Michael Sharpe
300 ## - PHYSICAL DESCRIPTION
Extent 160 p
942 ## - ADDED ENTRY ELEMENTS (KOHA)
Koha item type Mixed Materials
Source of classification or shelving scheme
Holdings
Withdrawn status Lost status Damaged status Not for loan Collection code Permanent Location Current Location Shelving location Date acquired Total Checkouts Full call number Barcode Date last seen Price effective from Koha item type
          School of Chemical & Materials Engineering (SCME) School of Chemical & Materials Engineering (SCME) General Stacks     520 S5241 S SCME-3457 04/30/2021 04/30/2021 Mixed Materials
© 2023 Central Library, National University of Sciences and Technology. All Rights Reserved.